League of Legends - Name the Boots Quiz Stats

 Plays Quiz not verified by Sporcle

Challenge
Share
Tweet
Embed
Score 0/8 Timer 01:30
0 Plays Today
Boots % Correct
Ninja Tabi
87.7%
Boots of Mobility
78.6%
Boots of Swiftness
75.1%
Mercury's Treads
65.2%
Boots of Speed
62.7%
Berserker's Greaves
58.6%
Ionian Boots of Lucidity
52.9%
Sorcerer's Shoes
46.3%

You're not logged in!

Compare scores with friends on all Sporcle quizzes.
OR
Log In

You Might Also Like...

Show Comments

Extras

Top Quizzes Today


Score Distribution

Your Account Isn't Verified!

In order to create a playlist on Sporcle, you need to verify the email address you used during registration. Go to your Sporcle Settings to finish the process.

Report this User

Report this user for behavior that violates our Community Guidelines.

Details: